| 000 | 00971cam a22002775i 4500 | ||
|---|---|---|---|
| 999 |
_c2733 _d2733 |
||
| 003 | EG-ScBUE | ||
| 005 | 20210112125816.0 | ||
| 008 | 200219r20051958nyu g 000 0 eng d | ||
| 020 | _a0553211951 | ||
| 020 | _a9780553211955 | ||
| 040 |
_aEG-ScBUE _beng _erda _cEG-ScBUE _dEG-ScBUE |
||
| 082 | 0 | 4 |
_a813.4 _bTWA _222 |
| 100 | 1 |
_aTwain, Mark, _d1835-1910, _eauthor. |
|
| 245 | 1 | 4 |
_aThe complete short stories of Mark Twain / _cedited with an introduction by Charles Neider. |
| 264 | 1 |
_aNew York : _bBantam Dell / Random House, _c2005. |
|
| 300 |
_axxiv,814 pages ; _c18 cm. |
||
| 336 |
_atext _btxt _2rdacontent |
||
| 337 |
_aunmediated _bn _2rdamedia |
||
| 338 |
_avolume _bnc _2rdacarrier |
||
| 490 | 0 | _aBantam classic | |
| 650 | 7 |
_aHumorous stories, American. _2BUEsh |
|
| 651 | 7 |
_aUnited States _xSocial life and customs _y19th century. _2BUEsh |
|
| 653 |
_bHHUUEENN _cJanuary2021 |
||
| 700 | 1 |
_aNeider, Charles, _d1915-2001, _eauthor of introduction. |
|
| 942 |
_cBB _2ddc |
||